00867cam a2200229 a 4500999001700000001000800017005001700025008004100042010001700083020001500100020002200115050002100137100003000158245004000188260004300228300002700271440006500298504006400363600005500427942003300482952012200515 c19413d19413108865720170116123129.0920810s1992 nyu b 001 0 eng  a 92031505  a0805787275 a0805787283 (pbk.)00aPR2803 .W37 19921 aWard, John Powell,d1937-10aAs you like it /cJohn Powell Ward. aNew York :bTwayne Publishers,cc1992. axlvi, 114 p. ;c22 cm. 0aTwayne's new critical introductions to Shakespeare ;vno. 15 aIncludes bibliographical references (p. 102-109) and index.10aShakespeare, William,d1564-1616.tAs you like it. 2lcccBOOKShPR2803 .W37 1992 00102lcc4070aMUCbMUCcTECHd2017-01-16eDonation(BFA)l0oPR2803 .W37 1992p29546r2018-06-07w2017-01-16yBOOKS